Operations Research (Record no. 1305)

MARC details
000 -LEADER
fixed length control field 00423nam a22001697a 4500
005 - DATE AND TIME OF LATEST TRANSACTION
control field 20160521122449.0
008 - FIXED-LENGTH DATA ELEMENTS--GENERAL INFORMATION
fixed length control field 160521b xxu||||| |||| 00| 0 eng d
020 ## - INTERNATIONAL STANDARD BOOK NUMBER
ISBN 81-8054-719-5
041 ## - LANGUAGE CODE
Language code of text/sound track or separate title eng
082 ## - DEWEY DECIMAL CLASSIFICATION NUMBER
Item number 3763
100 ## - MAIN ENTRY--AUTHOR NAME
Personal name Kanti Swarup P.K. Gupta Man Mohan
245 ## - TITLE STATEMENT
Title Operations Research
260 ## - PUBLICATION, DISTRIBUTION, ETC. (IMPRINT)
Place of publication New Delhi
Name of publisher Sultan Chand & Sons,
Year of publication 2009
300 ## - PHYSICAL DESCRIPTION
Number of Pages 994
650 ## - SUBJECT ADDED ENTRY--TOPICAL TERM
Topical Term Management
942 ## - ADDED ENTRY ELEMENTS (KOHA)
Koha item type Books
Holdings
Lost status Damaged status Collection code Home library Current library Shelving location Date acquired Cost, normal purchase price Full call number Accession Number Koha item type
    Reference JRU Library   SHELF -72- H 21/05/2016 390.00 3763 3763 Books
      JRU Library     21/05/2016 390.00 3763 3764 Books
    MANAGEMENT JRU Library JRU Library   21/05/2016 390.00 3763 3765 Books
    MANAGEMENT JRU Library JRU Library   21/05/2016 390.00 3763 3766 Books
    MANAGEMENT JRU Library JRU Library   21/05/2016 390.00 3763 3767 Books
    MANAGEMENT JRU Library JRU Library   21/05/2016 390.00 3763 3768 Books
    MANAGEMENT JRU Library JRU Library   21/05/2016 390.00 3763 3769 Books
    MANAGEMENT JRU Library JRU Library   21/05/2016 390.00 3763 3770 Books